[Event "Eastern Asia-ch U12"]
[Site "Tornelo INT"]
[Date "2021.10.31"]
[Round "8"]
[White "Arjun, Adireddy"]
[Black "Biglarifard, Maziyar"]
[Result "1-0"]
[WhiteElo "1539"]
[BlackElo "1122"]
[PlyCount "111"]
[EventDate "2021.10.29"]
[EventType "swiss"]
[EventRounds "9"]
[EventCountry "NET"]
[SourceTitle "EXT 2023"]
[Source "ChessBase"]
[SourceDate "2022.10.05"]
[SourceVersion "1"]
[SourceVersionDate "2022.10.05"]
[SourceQuality "1"]

1. e4 e5 2. Nf3 Nc6 3. Bb5 a6 4. Ba4 d6 5. d4 exd4 6. Nxd4 Bd7 7. Nxc6 bxc6 8. 0-0 Nf6 9. Nc3 Be7 10. Bf4 0-0 11. Re1 Rb8 12. Rb1 h6 13. e5 Ne8 14. exd6 cxd6 15. Ne4 Qa5 16. c3 Rd8 17. b4 Qb6 18. Qh5 Nf6 19. Nxf6+ Bxf6 20. Bxd6 Rfe8 21. Bb3 Be6 22. Bxe6 fxe6 23. Be5 Bxe5 24. Rxe5 Rf8 25. Re2 Rd5 26. Qg4 Rdf5 27. Rf1 c5 28. Qe4 R5f6 29. Qe3 Qb7 30. Qxc5 Rg6 31. f4 Rf5 32. Qe3 Rff6 33. Qe4 Qa7+ 34. Kh1 e5 35. Qxe5 Re6 36. Qd5 Qf7 37. Rxe6 Qxe6 38. Rd1 Rf6 39. f5 Qxd5 40. Rxd5 Rc6 41. Rd3 Kf7 42. g4 Kf6 43. Kg2 Kg5 44. Kg3 Rc4 45. h4+ Kf6 46. Re3 a5 47. bxa5 Ra4 48. a6 Rxa2 49. Re6+ Kf7 50. c4 Rc2 51. Rc6 Rc3+ 52. Kf4 Rd3 53. a7 Rd8 54. Rc7+ Kf6 55. g5+ hxg5+ 56. hxg5# 1-0